[Event "FRA-chT3"]
[Site "France"]
[Date "2011.10.16"]
[Round "1"]
[White "Bertrand, Catherine"]
[Black "Garcia, Gilles"]
[Result "1-0"]
[WhiteElo "1833"]
[BlackElo "1937"]
[PlyCount "59"]
[EventDate "2012.01.20"]
[EventType "team-match"]
[EventRounds "9"]
[EventCountry "FRA"]
[SourceTitle "EXT 2014"]
[Source "ChessBase"]
[SourceDate "2013.11.20"]
[SourceVersion "1"]
[SourceVersionDate "2013.11.20"]
[SourceQuality "1"]

1. e4 d5 2. exd5 Nf6 3. c4 c6 4. d4 cxd5 5. Nc3 e6 6. Nf3 Be7 7. Bd3 0-0 8. 0-0 Nc6 9. a3 a6 10. c5 Qc7 11. Re1 Re8 12. Bg5 h6 13. Bh4 Qd8 14. Bc2 Nd7 15. Bxe7 Nxe7 16. Qd3 Nf8 17. Na4 Bd7 18. Ne5 Bxa4 19. Bxa4 b5 20. cxb6 Qxb6 21. Bxe8 Rxe8 22. b4 Nf5 23. Nf3 Nh7 24. Rac1 Nf6 25. Re2 Nd6 26. Rec2 Nfe4 27. Rc6 Qb5 28. Qxb5 axb5 29. Ne5 Ra8 30. f3 1-0

[Event "FRA-chT2 East 0708"]
[Site "France"]
[Date "2008.03.15"]
[Round "8.3"]
[White "Garcia, Gilles"]
[Black "Todorov, Ognjan"]
[Result "0-1"]
[WhiteElo "2016"]
[BlackElo "2313"]
[PlyCount "35"]
[EventDate "2007.10.21"]
[EventType "team"]
[EventRounds "11"]
[EventCountry "FRA"]
[SourceTitle "EXT 2009"]
[Source "ChessBase"]
[SourceDate "2008.11.26"]
[SourceVersion "1"]
[SourceVersionDate "2008.11.26"]
[SourceQuality "1"]
[WhiteTeam "Reims"]
[BlackTeam "Montrevel en Bresse"]
[WhiteTeamCountry "FRA"]
[BlackTeamCountry "FRA"]

1. d4 c5 2. d5 Nf6 3. Nc3 g6 4. e4 d6 5. f4 Bg7 6. Nf3 0-0 7. Be2 b5 8. Bxb5 Nxe4 9. Nxe4 Qa5+ 10. Nc3 Bxc3+ 11. bxc3 Qxb5 12. Nh4 Nd7 13. f5 Qc4 14. Nf3 Nf6 15. Bh6 Qxc3+ 16. Nd2 Qe5+ 17. Kf2 Qxf5+ 18. Ke2 0-1

[Event "FRA-chT4 0506"]
[Site "France"]
[Date "2006.03.12"]
[Round "6"]
[White "Poisseroux, Benoit"]
[Black "Garcia, Gilles"]
[Result "0-1"]
[WhiteElo "1867"]
[BlackElo "1910"]
[PlyCount "62"]
[EventDate "2005.10.02"]
[EventType "team"]
[EventRounds "9"]
[EventCountry "FRA"]
[SourceTitle "EXT 2007"]
[Source "ChessBase"]
[SourceDate "2006.11.23"]
[SourceVersion "1"]
[SourceVersionDate "2006.11.23"]
[SourceQuality "1"]

1. d4 Nf6 2. Bg5 d5 3. Nd2 e6 4. e3 c5 5. c3 c4 6. Be2 Nbd7 7. f4 Qc7 8. Qc2 h6 9. Bh4 Bd6 10. Ngf3 g5 11. fxg5 hxg5 12. Bxg5 Bg3+ 13. Kd1 Ng4 14. Rf1 Bf2 15. g3 Bxe3 16. Nxc4 dxc4 17. Qe4 Nf2+ 18. Rxf2 Bxf2 19. Kd2 Qc6 20. Qf4 f6 21. Bxf6 Rf8 22. Ne5 Nxe5 23. Qxf2 Nf7 24. Bh5 Qb5 25. Bxf7+ Rxf7 26. Kc2 Qf5+ 27. Qxf5 exf5 28. Re1+ Kf8 29. Bg5 Bd7 30. h4 Re8 31. Rf1 Re2+ 0-1

[Event "FRA-chT4"]
[Site "Ech Ardennais/La Francheville"]
[Date "2004.12.05"]
[Round "3"]
[White "Garcia, Gilles"]
[Black "Dhieux, Franky"]
[Result "1-0"]
[WhiteElo "1960"]
[BlackElo "2040"]
[PlyCount "31"]
[EventDate "2004.10.10"]
[EventType "team"]
[EventRounds "3"]
[EventCountry "FRA"]
[SourceTitle "EXT 2007"]
[Source "ChessBase"]
[SourceDate "2006.11.23"]
[SourceVersion "1"]
[SourceVersionDate "2006.11.23"]
[SourceQuality "1"]

1. d4 e5 2. dxe5 Nc6 3. Nf3 Qe7 4. Bf4 Qb4+ 5. Bd2 Qxb2 6. Nc3 Bb4 7. Rb1 Qa3 8. Rb3 Qa5 9. a3 Bxa3 10. Rb5 Qa6 11. e3 Kd8 12. Nd5 Qa4 13. Qa1 Qxc2 14. Qxa3 Nce7 15. Bd3 Qc6 16. Rc5 1-0

[Event "AJEC Gr03 email"]
[Site "France"]
[Date "2000.??.??"]
[Round "?"]
[White "Epinoux, Jean Francois"]
[Black "Garcia, Gilles"]
[Result "1-0"]
[WhiteElo "2168"]
[BlackElo "2301"]
[PlyCount "63"]
[EventDate "2000.03.20"]
[EventType "tourn (corr)"]
[EventRounds "10"]
[EventCountry "FRA"]
[SourceTitle "Corr 2004"]
[Source "ChessBase"]
[SourceDate "2003.04.28"]
[SourceVersion "3"]
[SourceVersionDate "2003.04.28"]
[SourceQuality "1"]

1. e4 d5 2. exd5 Nf6 3. d4 Bg4 4. Bb5+ Nbd7 5. f3 Bf5 6. c4 a6 7. Bxd7+ Qxd7 8. Nc3 0-0-0 9. Nge2 e6 10. Bg5 Be7 11. dxe6 Qxe6 12. d5 Qb6 13. Qd2 Rhe8 14. Be3 Qb4 15. b3 Bc5 16. Bxc5 Qxc5 17. Rd1 Re7 18. Qd4 Qxd4 19. Rxd4 Rde8 20. Kd2 Kd7 21. g4 Bg6 22. Nf4 h6 23. h4 c5 24. dxc6+ Kxc6 25. Rd1 Re3 26. Nxg6 fxg6 27. g5 Nh5 28. Kc2 R8e6 29. Rd8 b5 30. Rc8+ Kb7 31. Rdd8 Nf4 32. Rb8+ 1-0

[Event "AJEC Gr03 email"]
[Site "France"]
[Date "2000.??.??"]
[Round "?"]
[White "Garcia, Gilles"]
[Black "Galkine, Guy"]
[Result "1-0"]
[WhiteElo "2301"]
[BlackElo "1850"]
[PlyCount "53"]
[EventDate "2000.03.20"]
[EventType "tourn (corr)"]
[EventRounds "10"]
[EventCountry "FRA"]
[SourceTitle "Corr 2004"]
[Source "ChessBase"]
[SourceDate "2003.04.28"]
[SourceVersion "3"]
[SourceVersionDate "2003.04.28"]
[SourceQuality "1"]

1. d4 Nf6 2. Nc3 d6 3. e4 c6 4. f4 d5 5. e5 Ng8 6. Nf3 Bf5 7. Bd3 Nh6 8. h3 Bxd3 9. Qxd3 e6 10. g4 Na6 11. a3 f5 12. exf6 gxf6 13. Bd2 Qd6 14. g5 fxg5 15. fxg5 Nf5 16. Ne5 Bg7 17. Bf4 Qe7 18. Ne2 c5 19. Qb5+ Kd8 20. g6 Bxe5 21. Bxe5 Rg8 22. gxh7 Qxh7 23. 0-0-0 Ne3 24. Rd3 Nc4 25. Rf1 cxd4 26. Nxd4 Kc8 27. Rc3 1-0